Ejercicios de macroeconomía intermedia / (Registro nro. 8708)
[ vista simple ]
| 000 -LEADER | |
|---|---|
| fixed length control field | 01213nam a2200253Ia 4500 |
| 003 - CONTROL NUMBER IDENTIFIER | |
| control field | OSt |
| 005 - DATE AND TIME OF LATEST TRANSACTION | |
| control field | 20211105094340.0 |
| 008 - FIXED-LENGTH DATA ELEMENTS--GENERAL INFORMATION | |
| fixed length control field | 210310t2000 sp fr 000 0 spa d |
| 020 ## - INTERNATIONAL STANDARD BOOK NUMBER | |
| International Standard Book Number | 8485855949 |
| 040 ## - CATALOGING SOURCE | |
| Original cataloging agency | CO-JMCR |
| Transcribing agency | CO-JMCR |
| 041 0# - LANGUAGE CODE | |
| Language code of text/sound track or separate title | spa |
| 082 04 - DEWEY DECIMAL CLASSIFICATION NUMBER | |
| Classification number | 339.076 / |
| Item number | D277e |
| Edition number | 23 |
| 100 1# - MAIN ENTRY--PERSONAL NAME | |
| Personal name | Díaz, Carmen, |
| 9 (RLIN) | 18054 |
| Relator term | autor |
| 245 10 - TITLE STATEMENT | |
| Title | Ejercicios de macroeconomía intermedia / |
| Statement of responsibility, etc. | Carmen Díaz, Óscar Bajo, Ma. Antònia Monés |
| 260 ## - PUBLICATION, DISTRIBUTION, ETC. | |
| Place of publication, distribution, etc. | Barcelona : |
| Date of publication, distribution, etc. | Antoni Bosch editor, |
| Name of publisher, distributor, etc. | ©2000 |
| 300 ## - PHYSICAL DESCRIPTION | |
| Extent | 150 páginas ; |
| Dimensions | 28 cm. |
| 500 ## - GENERAL NOTE | |
| General note | Incluye datos biográficos de los autores. |
| 505 0# - FORMATTED CONTENTS NOTE | |
| Formatted contents note | El modelo básico de demanda agregada -- La oferta agregada y la política macroeconómica -- La economía abierta |
| 520 3# - SUMMARY, ETC. | |
| Summary, etc. | El libro Ejercicios de macroeconomía intermedia contiene ejercicios cuya clasificación y nomenclatura se corresponden con las del Curso de macroeconomía intermedia, 2° Ed., publicado por esta editorial, aunque pueda utilizarse como complemento de cualquier otro texto de macroeconomía intermedia. |
| 650 14 - SUBJECT ADDED ENTRY--TOPICAL TERM | |
| Topical term or geographic name entry element | Macroeconomía |
| 9 (RLIN) | 18056 |
| General subdivision | Problemas y ejercicios |
| 700 1# - ADDED ENTRY--PERSONAL NAME | |
| Personal name | Bajo, Óscar, |
| Relator term | autor |
| 9 (RLIN) | 41431 |
| 700 1# - ADDED ENTRY--PERSONAL NAME | |
| Personal name | Monés, Ma. Antònia, |
| Relator term | autor |
| 9 (RLIN) | 41432 |
| 942 ## - ADDED ENTRY ELEMENTS (KOHA) | |
| Source of classification or shelving scheme | Dewey Decimal Classification |
| Koha item type | Books |
| Withdrawn status | Lost status | Source of classification or shelving scheme | Damaged status | Not for loan | Collection code | Home library | Current library | Date acquired | Source of acquisition | Full call number | Barcode | Date last seen | Copy number | Koha item type |
|---|---|---|---|---|---|---|---|---|---|---|---|---|---|---|
| Dewey Decimal Classification | Non-fiction | Biblioteca Pública José María del Castillo y Rada | Biblioteca Pública José María del Castillo y Rada | 04/15/2018 | Donación | 339.076 / D277e | 430005826 | 05/16/2024 | Ej.1 | Books |